MDQL
is popping MORE tags! Check the
thread
!
Quizzes
Events
Quiz Creation
Community
Videos
Private Events
Remove Ads
Sign In
Join for FREE
Feedback
Dark Mode
Quiz Categories
Sports
Geography
Music
Movies
Television
Just For Fun
Miscellaneous
History
Literature
Language
Science
Gaming
Entertainment
Religion
Holiday
For Kids
Quiz Lab
Recent
Popular Today
Quiz Kudos Today
Editor Picks
Curator Picks
Quizzes by...
Day
Popularity
Type
Ratings
Length
Year
Community
Subscriptions
Recent Discussions
Orange Saloon
Badges
Playlists
Quests
Create
Leaderboards
Showdown
Live 5
Trivia Bingo
Activity
Puzzle Library
Sporcle Events
Private Events
Virtual Trivia
Globe League
Become a Host
Pub Owners
SporcleCon
Opinionation
Our Games
Videos
Blog
Mobile Apps
Partnerships
Remove Ads and Go Orange
Feedback
Music
Pop Music
The Beatles
Song
Album
Lyrics
Bands
Singers
Artist
Clip
Rock
Rap
Classical
Billboard
Country Music
Kpop
Taylor Swift
Music
Pop Music
The Beatles
Song
Album
Lyrics
Bands
Singers
Artist
Clip
Rock
Rap
Classical
Billboard
Country Music
Kpop
Taylor Swift
Random Quiz
Search Sporcle
×
Quiz Lab
Quiz Lab
Music
Artist
Type in answers that appear in a list
Type in answers that appear in a list
Classic
Best Score? Go Orange.
BJSC Finalists of 2017 so far Stats
Can you name the BJSC Finalists of 2017 so far?
By
Thermometer1
20m
205 Questions
20 Plays
20 Plays
20 Plays
Comments
Comments
Give Quiz Kudos
Give Quiz Kudos
-
- Ratings
hide this ad
Replay
Link that replays current quiz
Next Quiz
Link to next quiz in quiz playlist
You Got
0%
They Got
Avg Score
34%
Avg Friend Score
Upgrade to see
Score Distribution
Jump to the score distribution portion of the page
Score
0/205
Timer
20:00
0
Plays Today
Country
Title
% Correct
#00274E
HO
70%
D'yermak'er
Ultralife
70%
Pupok
River
70%
Trifoski
Hurricane
70%
Ultraviolenceland
In The Morning
70%
Hendinia
Jimmy Dean
65%
Ultraviolenceland
Monopoly
65%
#00274E
LGBT
60%
Yehesi
I Know A Place
60%
Alteria
Bubblegum
55%
Kluminican Republic
Awoo
55%
Ojnoj
Superpowers
55%
South Danaelanda
Saving Light
55%
Unovia
Kings & Queens
55%
Aelandor
Up Ship!
50%
Aeroche
Ambience
50%
Beaverdonia
Throw It Down
50%
Cadelicia
Arigato
50%
FARC
Last Dance
50%
Flynnonda
La Di Da
50%
Hendinia
Batman & Robin
50%
Hushkanukia
Nirvana
50%
New Lexico
Boy
50%
Oslol
Indigo
50%
Pupok
Hell Hound
50%
Ramrynia
Like I Love You
50%
Suedeonia
Don't Take The Money
50%
Tinnmark
Friday Night
50%
Ultraviolenceland
Kids
50%
#00274E
There's A Honey
45%
Altyr Muunilinst
Classic
45%
Cor Lupus
Spirit
45%
Hendinia
Bye Bye Bby Boo
45%
Jadakissnia
Waqqaberry
45%
Kluminican Republic
Jenny
45%
Medhelnia
Run
45%
Oslol
Aqualung
45%
Oslol
Taker
45%
Quintessa
Home
45%
Ramrynia
Craving You
45%
Ramrynia
PreGomesh
45%
République d'Ashton
Pinnacle
45%
South Danaelanda
Eurodancer
45%
South Danaelanda
High & Low
45%
St. Burbia
All On Me (Diztortion Remix)
45%
St. Burbia
Bellyache
45%
St. Burbia
No Roots
45%
Taahino
Circle
45%
Taahino
Human
45%
Taahino
With Or Without Me
45%
The Actual Republic of Bellamia
I Don't Mind
45%
Trifoski
Answer My Text
45%
(-
π)
Die
40%
Aeroche
Backdraft
40%
Aeroche
Dub-I-Dub
40%
Aeroche
Head (Kane Vale Remix)
40%
Aeroche
Snow Globe
40%
Aesthetica
I Feel You
40%
Azure
Dancing Out
40%
Cadelicia
Playing With Fire
40%
Cor Lupus
Agolo (Remix)
40%
Desbuanda
Radio
40%
Desbuanda
The Heart Dies
40%
Dobago
Jungle
40%
Espen
Miracle Part A
40%
FSR Rontvia
Super Mario Bros.
40%
Harmonica
Paper Games
40%
Jadakissnia
Waves
40%
Kluminican Republic
Archangel
40%
Country
Title
% Correct
Medhelnia
Machine
40%
Ramrynia
Places
40%
Republic of Adonia
Smoke And Fire
40%
République d'Ashton
Attitudeproblem (P3 Remix)
40%
Rolloland
Routine
40%
Singerpurear
Waiting For The Stars
40%
South Danaelanda
The City Don't Care
40%
Unovia
Prom Queen
40%
Unovia
Voiceless
40%
#00274E
Hard As Diamonds
35%
Aesthetica
Push
35%
Altyr Muunilinst
Make Believe
35%
Beaverdonia
Open Waters
35%
Beaverdonia
Yakety Yak
35%
Bignia-
Zaragovina
Did It For The Fame
35%
Cor Lupus
Leave This Place
35%
Daehun
Give Me A Break Stop Now
35%
Deandria
Ankara
35%
FARC
Bad Things
35%
FARC
Hopeless Dreams
35%
Flynnonda
Hunger
35%
FSR Rontvia
Worth It
35%
Harmonica
Higher
35%
Hushkanukia
Degrees Of Separation
35%
Mulgracia
Good Morning
35%
New Lexico
As If
35%
Ojnoj
Gatekeeper
35%
Persephonia
Bad Trip
35%
Pupok
Mutant Brain
35%
Ramrynia
Circle Of Light
35%
République d'Ashton
Not Too Young
35%
République d'Ashton
You're A **** Joke
35%
St. Burbia
Puis Danse
35%
Summericia
Still Goin
35%
Summericia
Turbo Killer
35%
The Actual Republic of Bellamia
Closure
35%
The Actual Republic of Bellamia
Right Here
35%
Ultraviolenceland
Shotgun
35%
Zanmatony
Fire
35%
#00274E
Data & Picard
30%
Aelandor
Tides
30%
Altyr Muunilinst
Light Of The Seven
30%
Altyr Muunilinst
Standing When It All Falls Down
30%
Azure
Ambling Alp
30%
Azure
Celebrity Status
30%
Azure
Finders Keepers
30%
Bignia-
Zaragovina
Like I Did
30%
Bøtanikkä
Dance While You Shoot
30%
Buzzjack Mountain
Restless
30%
Cor Lupus
Some Boys
30%
Cor Lupus
Unstoppable
30%
D'yermak'er
XO
30%
Desbuanda
Chariots
30%
Dobago
Love On Repeat (Filatov & Karas Radio Edit)
30%
Dobago
Mariko
30%
Fljótavík
Daisy
30%
Greenfroze
Battlegrounds
30%
Jadakissnia
Ruins
30%
Kylienips
Girlie Bits
30%
New Lexico
Taped Up Heart
30%
Niceland
Beyond Memory
30%
Niceland
Love Like We Used To
30%
Oslol
Come First
30%
Persephonia
Big Chillum
30%
Persephonia
Colder
30%
Persephonia
Happy End Of The World
30%
Pupok
Schlaflos
30%
Quintessa
Genesis
30%
Sandebörg
Keep Running
30%
Country
Title
% Correct
Séyetana
Chipland
30%
Taahino
High Enough
30%
Terra Avium
A New Family
30%
The Actual Republic of Bellamia
Bite My Tongue
30%
The Actual Republic of Bellamia
Sad Song (RJ Remix)
30%
Thelonia
I Heard Love
30%
Tinnmark
Naked
30%
Trifoski
Toi Et Moi
30%
Unovia
Simple and Clean (Ray Of Hope Mix)
30%
Yehesi
Into The Fire
30%
Aelandor
Dear Adelaide
25%
Aelandor
No One Really Wins
25%
Altyr Muunilinst
Laws Of Motion
25%
Avalonia
Burning Heart
25%
Bhangra
Kaleidoscope
25%
Bøtanikkä
Escalate
25%
Bøtanikkä
The Age Of Love (Jam & Spoon Watch Out For Stella Mix)
25%
Cadelicia
Fandango
25%
D'yermak'er
Kryptonite
25%
Espen
Ecstasy (MYSTXRIVL X Sokos Flip)
25%
Fljótavík
Falcon Eye
25%
Fljótavík
Up All Night
25%
Hendinia
All We Need
25%
Jadakissnia
Headless
25%
Land of DW
Future Politics
25%
Republic of Adonia
Travva
25%
Séyetana
Beyond The Matrix
25%
Suedeonia
Alone Again Or
25%
Summericia
Bad Like You
25%
Terra Avium
Africa
25%
Trifoski
A Night And A Day
25%
Trifoski
AS Crust
25%
Ultraviolenceland
Ahora Lloras Tú
25%
Unovia
Fracture
25%
Yehesi
I Come With Knives
25%
Yehesi
Walk Away
25%
Aesthetica
Hobgoblin
20%
D'yermak'er
Lioness
20%
Daehun
Oh NaNa
20%
Espen
Instance Of Time
20%
Harmonica
Spirit Cold
20%
Hushkanukia
Aulë Und Yavanna
20%
Land of DW
Í Tokuni
20%
Mulgracia
Kinda Love
20%
Palmyra
A Short Love Story
20%
Quintessa
Met Jou Klere Aan
20%
Republic of Adonia
Serious
20%
Sandebörg
New Dawns
20%
Taahino
Wasn't Easy
20%
Thelonia
Beast
20%
Tinnmark
Like That
20%
Usfland (East Rukahavian)
So Cold (Minnesota Remix)
20%
Zanmatony
Love & War
20%
Bhangra
Lullaby
15%
Bøtanikkä
Before (Neelix Well Done Remix)
15%
Espen
Abîmée
15%
Kylienips
Growing Up
15%
N DNTN
Harajuku Iyahoi
15%
N DNTN
Un Autre Que Moi
15%
Skall
What's That Perfume That You Wear?
15%
South Danaelanda
Unbreakable
15%
Tinnmark
Witness
15%
Avalonia
Lion's Heart
10%
Espen
Beautiful Crime
10%
FSR Rontvia
Aldapan Gora
10%
Joedonia
Fade To Love
10%
Lotunia
Arvedávgi
10%
Quiz Playlist
Details
Report
Send in Message
Add To Playlist
Classic:
Type in answers that appear in a list
Last Updated: Jul 8, 2017
Quiz Scoreboard
CHALLENGE
Sign Up to Join the Scoreboard
Show All
Scores
Hide
Comments
May contain spoilers
Recently Published
1-10 Letter E Words III
by El_Dandy
Language
2m
Street Fighter Characters
by Artimus82
Gaming
60s
College Basketball Coaching Resumes
by pancakes188
Sports
9m
More to Explore
Quiz From the Vault
Featured Blog Post
Where Did the Easter Bunny Come From?
hide this ad
You Might Also Like...
Tags
Artist Quiz
Country Quiz
2017
far
finalist
Today's Top Quizzes in Music
Browse Music
hide this ad
Today's Top Quizzes in Artist
Browse Artist
Top Contributed Quizzes in Music
1
Taylor Swift All Songs (2024)
2
Taylor Swift Logic Puzzle
3
Guess the Artist- 70s Songs
4
7-to-1: Billboard Hot 100 #1 Hits of 2010s
5
Sorting Albums and Songs
6
KPOP LOGIC QUIZ
7
Billboard Blitz: Aretha Franklin
8
Guess the Taylor Swift song (Mystery Song)
9
Guess The Taylor Swift Lyrics Song #1
10
Billboard Blitz: ABBA
Explore More
Trending Topics
NBA
Marvel
Harry Potter
Disney
Anime
Crossword
Kpop
Soccer
Puzzle
Song
Pokémon
Country
NFL
The Office
WWE
hide this ad
More By:
Thermometer1
Quiz
Plays
Rating
Category
Featured
Created
UK Top 40 Hits of 2018 so far
242
Music
Jul 7, 2018
2014 UK Top 40 Hit Singles
222
Music
Nov 13, 2014
UK Top 10 Hit Singles 1990-2015 [Part 1]
202
Music
Oct 5, 2015
UK Top 40 Hits of 2015
201
Music
Jul 8, 2015
Christmas Number Ones
176
5.00
Music
Dec 16, 2012
Go to Creator's Profile
Score Distribution
Quiz Creator Spotlight
Thermometer1
Follow
Send a Message
Quizzes Created
-
Created Quiz Play Count
-
More By This Creator
Popular Quizzes Today
1
Find the US States - No Outlines Minefield
2
Find the Countries of Europe - No Outlines Minefield
3
The Countries of the World
4
Find the US States
5
Risky Map Clicking: Biggest States A-Z
6
US States
7
Popular People in 1961
8
Movies - When Are They Set?
More Music Quizzes
🗳️ YOU CHOOSE: Best Songs from 2010
Quiz Lab
Trending Quizzes
Risky Map Clicking: Least Populous States A-Z
1-10 Letter G Words
USA Borders Longest to Shortest
1-10 Letter F Words
Countries of the World: 200 Million BC
Recently Updated
Leaping Animals
pecheneg
Reality TV Shows (A-Z)
bhenderson79
Rickey Henderson's Hall of Fame Teammates
pecheneg
Champions League XIs: Arsenal
pecheneg
Quick Pick: Celebrities in WWE's Hall of Fame
aduchscher
A-Z Keypad Blitz II
pecheneg
Multiple Oscar Actors
pecheneg
Mystery Phrase Blitz: Oscar 'Best Actors'
pecheneg
F. Scott Fitzgerald Novels
LTH
Pick 3 Villains
ddd62291
Trending Topics
Anime
Harry Potter
Kpop
NBA
Disney
Crossword
Marvel
WWE
NFL
Pokémon
Puzzle
Soccer
Country
The Office
Song
Your Account Isn't Verified!
In order to create a playlist on Sporcle, you need to verify the email address you used during registration. Go to your
Sporcle Settings
to finish the process.
Report this User
Report this user for behavior that violates our
Community Guidelines
.
Details:
Send Report
Go to the Sporcle.com Mobile Site →
Comments